A Leader`s Best Pathfinder WITHIN (Record no. 47323)

MARC details
000 -LEADER
fixed length control field 00647nam a22001697a 4500
005 - DATE AND TIME OF LATEST TRANSACTION
control field 20260303154546.0
008 - FIXED-LENGTH DATA ELEMENTS--GENERAL INFORMATION
fixed length control field 260303b |||||||| |||| 00| 0 eng d
020 ## - INTERNATIONAL STANDARD BOOK NUMBER
International Standard Book Number 9798899299261
040 ## - CATALOGING SOURCE
Transcribing agency VITAP
082 ## - DEWEY DECIMAL CLASSIFICATION NUMBER
Edition number 23
Classification number 658.4092 ARA
100 ## - MAIN ENTRY--PERSONAL NAME
Personal name Aranala, Sridhar
9 (RLIN) 17194
245 ## - TITLE STATEMENT
Title A Leader`s Best Pathfinder WITHIN
Remainder of title : Where Questions Find Answers
Statement of responsibility, etc. / Sridhar Aranala
260 ## - PUBLICATION, DISTRIBUTION, ETC.
Place of publication, distribution, etc. India
Name of publisher, distributor, etc. Notion Press
Date of publication, distribution, etc. 2025
300 ## - PHYSICAL DESCRIPTION
Extent 180p, ill.: 21cm
650 #0 - SUBJECT ADDED ENTRY--TOPICAL TERM
Topical term or geographic name entry element Self-Discovery & Inner Reflection, Leadership Mindset, Decision-Making & Problem Solving, Personal Growth & Transformation, Team & Organizational Leadership etc.
9 (RLIN) 17195
942 ## - ADDED ENTRY ELEMENTS (KOHA)
Source of classification or shelving scheme Dewey Decimal Classification
Koha item type Text Book
Holdings
Withdrawn status Lost status Source of classification or shelving scheme Materials specified (bound volume or other part) Damaged status Not for loan Collection code Home library Current library Shelving location Date acquired Source of acquisition Cost, normal purchase price Inventory number Total Checkouts Full call number Barcode Date last seen Cost, replacement price Price effective from Koha item type Public note
    Dewey Decimal Classification Paper Back   Not For Loan Reference School of Business & General Section VIT-AP Reference 2026-02-13 B.V. Pratap, The Hindu News Agent 499.00 2026/2/325   658.4092 ARA 025539 2026-03-03 499.00 2026-02-13 Reference Book MGT
    Dewey Decimal Classification Paper Back       School of Business & General Section VIT-AP General Stacks 2026-02-13 B.V. Pratap, The Hindu News Agent 499.00 2026/2/325   658.4092 ARA 025540 2026-03-03 499.00 2026-02-13 Text Book MGT
    Dewey Decimal Classification Paper Back       School of Business & General Section VIT-AP General Stacks 2026-02-13 B.V. Pratap, The Hindu News Agent 499.00 2026/2/325   658.4092 ARA 025541 2026-03-03 499.00 2026-02-13 Text Book MGT
    Dewey Decimal Classification Paper Back       School of Business & General Section VIT-AP General Stacks 2026-02-13 B.V. Pratap, The Hindu News Agent 499.00 2026/2/325   658.4092 ARA 025542 2026-03-03 499.00 2026-02-13 Text Book MGT
    Dewey Decimal Classification Paper Back       School of Business & General Section VIT-AP General Stacks 2026-02-13 B.V. Pratap, The Hindu News Agent 499.00 2026/2/325   658.4092 ARA 025543 2026-03-03 499.00 2026-02-13 Text Book MGT

Visitor Number: